00803nam a2200193 i 450000100060000000300090000600500170001500700030003200800410003510000370007624502610011326000500037430000300042465000310045465000340048570000150051970000540053485200210058838346ES-MaACL20250930063043.0t|030225s1870 fr ||||1| fre d1 aBurmeister, Hermann, d1807-189210aHistoire de la création b: exposé scientifique des phases de développement du globe terrestre et de ses habitants / cpar H. Burmeister ; edition française, traduite de l'allemand d'aprés la huitième édition par E. Maupas ; revue par Giebel. aParís : bF. Savy, c1870 (fSimon Raçon) a689 p. : bil. ; c24 cm. aTierra (Planeta)-xOrigen.07aGeología histórica2embne1 aMaupas, E.1 aGiebel, Christoph Gottfried Andreas (d1820-1881) aES-MaACLjD-4488